[Event "Berlin Lichtenberger op 18th"]
[Site "Berlin"]
[Date "2019.08.23"]
[Round "7"]
[White "Ettel, Ralf"]
[Black "Tedesco, Gennaro"]
[Result "1-0"]
[WhiteElo "1471"]
[BlackElo "1663"]
[PlyCount "83"]
[EventDate "2019.08.17"]
[EventType "swiss"]
[EventRounds "9"]
[EventCountry "GER"]
[SourceTitle "EXT 2020"]
[Source "ChessBase"]
[SourceDate "2019.10.17"]
[SourceVersion "1"]
[SourceVersionDate "2019.10.17"]
[SourceQuality "1"]

1. c4 c5 2. Nc3 Nc6 3. g3 g6 4. Bg2 Bg7 5. e3 e5 6. Nge2 Nge7 7. 0-0 0-0 8. Rb1 d6 9. a3 a5 10. Nb5 Be6 11. b3 d5 12. cxd5 Bxd5 13. Nec3 Bxg2 14. Kxg2 f5 15. Bb2 Rb8 16. Qe2 Re8 17. Qc4+ Kh8 18. Qxc5 b6 19. Qd6 e4 20. Rfc1 Be5 21. Qxd8 Rexd8 22. Rc2 Rd3 23. f4 exf3+ 24. Kxf3 Rbd8 25. Ke2 Kg8 26. Bc1 Bxc3 27. Rxc3 Ne5 28. Nd4 Rxc3 29. dxc3 Nd5 30. Bb2 Ng4 31. c4 Nc7 32. h3 Nh6 33. Nf3 Nf7 34. Bd4 Rd6 35. b4 Ne6 36. c5 Nxd4+ 37. exd4 Re6+ 38. Kd3 axb4 39. Rxb4 bxc5 40. dxc5 Ra6 41. a4 Nd8 42. Rb8 1-0